Statistiken für Länder, die Berlin am Nächsten liegen

Klicken Sie hier um das Quiz zu spielen!

Allgemein

  • Dieses Quiz wurde 251 mal gespielt
  • Das Durchschnittsergebnis liegt bei 37 aus 41

Antwortstatistiken

kmStaat% Korrekt
60Polen
100%
174Tschechien
99%
246Dänemark
98%
314Schweden
98%
537Frankreich
97%
567Luxemburg
97%
421Niederlande
97%
406Österreich
97%
467Russland
97%
537Belgien
96%
610Italien
96%
703Norwegen
96%
618Schweiz
96%
486Slowakei
96%
1358Spanien
95%
889Finnland
94%
706Ukraine
94%
569Ungarn
94%
658Slowenien
93%
811Estland
92%
636Lettland
92%
646Liechtenstein
92%
583Litauen
92%
697Kroatien
91%
831Serbien
91%
1419Griechenland
89%
789Vereinigtes Königreich
89%
665Belarus
88%
1148Bulgarien
88%
827Rumänien
88%
1194Albanien
85%
831Bosnien und Herzegowina
85%
1404Andorra
84%
1182Vatikanstadt
84%
950San Marino
83%
1165Kosovo
82%
1302Irland
81%
1079Montenegro
81%
1070Monaco
80%
1284Nordmazedonien
77%
1048Moldawien
75%

Verteilung der Resultate

Perzentil nach korrekt beantworteten Fragen

Anzahl Personen mit jedem Resultat

Ihre Resultats-Entwicklung

Sie haben dieses Quiz noch nicht gespielt